| 000 | 00567nam a2200193Ia 4500 | ||
|---|---|---|---|
| 003 | GCL | ||
| 008 | 140319s9999 xx 000 0 ara d | ||
| 040 |
_aGCL / _cGCL |
||
| 082 | 0 | 4 |
_a891.4 _bم ر |
| 100 | 1 | _aاحمد خليفة | |
| 245 | 1 | 0 |
_aرحيق فى غربال رواية من الهند / _cاحمد خليفة |
| 700 | 1 | _aالياس خورى | |
| 700 | 1 | _aماركاندايا , كمالا | |
| 300 | _a191 ص | ||
| 490 |
_aذاكرة الشعوب _v0 |
||
| 650 | 0 | 4 | _aالادب الهندى |
| 650 | 0 | 4 | _aالقصص الهندية |
| 942 |
_2ddc _cBK |
||
| 999 |
_c39430 _d39430 |
||